Les drapeaux similaires - Statistiques

Statistiques générales
  • Ce quiz a été pris 211 fois
  • Le résultat moyen est 9 sur 10
Statistiques - réponses
Question Réponse % Correct
Danemark
97%
Syrie
95%
Pays-Bas
93%
Roumanie
90%
Equateur
90%
Slovénie
86%
Indonésie
78%
Nicaragua
78%
Soudan
74%
Guinée
72%
Aucun quiz correspondant
Distribution des résultats
% des personnes avec chaque résultat
Percentile par nombre de réponses
Votre historique - résultats
Vous n’avez pas pris ce quiz